| 000 | 02708cgm a2200649Ka 4500 | ||
|---|---|---|---|
| 003 | OCoLC | ||
| 005 | 20241220120100.0 | ||
| 007 | vd cvaizu | ||
| 008 | 000825s1998 cau102 vleng d | ||
| 001 | ocm44880118 | ||
| 019 | _a40730080 | ||
| 020 | _a0792153138 | ||
| 020 | _a9780792153139 | ||
| 024 | 1 | _a097363261278 | |
| 028 | 4 | 0 |
_a326127 _bParamount Pictures |
| 035 | _a(Sirsi) i9780792153139 | ||
| 035 |
_a(OCoLC)44880118 _z(OCoLC)40730080 |
||
| 040 |
_aLVL _cLVL _dOCLCQ _dRCS _dBTCTA _dUINTA |
||
| 049 | _aUCLB | ||
| 050 | 4 |
_aPN1995.9.C55 _bF57 1998 |
|
| 082 | 0 | 4 |
_a791.43/72 _222 |
| 092 | _a791.437 | ||
| 245 | 0 | 4 |
_aThe First Wives Club _h[videorecording] / _c[presented by] Paramount Pictures ; screenplay by Robert Harling ; produced by Scott Rudin ; directed by Hugh Wilson. |
| 250 | _aWidescreen ed. | ||
| 260 |
_aHollywood, Calif. : _bParamount Pictures, _cc1998. |
||
| 300 |
_a1 videodisc (102 min.) : _bsd., col., ; _c4 3/4 in. |
||
| 500 | _aFor specific features see interactive menu. | ||
| 538 | _aDVD. | ||
| 546 | _aClosed captioned for the hearing impaired. | ||
| 500 | _aTitle from cassette label. | ||
| 511 | 1 | _aBette Midler, Goldie Hawn, Diane Keaton, Maggie Smith, Dan Hedaya, Bronson Pinchot, Marcia Gay Harden. | |
| 508 | _aDirector of photography, Donald Thorin; editor, John Bloom; music, Marc Shaiman. | ||
| 500 | _aBased on the novel by Olivia Goldsmith. | ||
| 500 | _aOriginally released as motion picture in 1996. | ||
| 521 | 8 | _aRated PG. | |
| 520 | _aThree mid-life Manhattanites have more than a longtime friendship in common. After years of helping their hubbies climb the corporate ladder of success, each has been dumped for a newer, curvier model. The trio is determined to turn their pain into gain. They come up with a cleverly devious plan to hit their exes where it really hurts--in the wallet! | ||
| 650 | 0 |
_aDivorced women _vDrama. _95781278 |
|
| 650 | 0 |
_aRevenge _vDrama. _95697951 |
|
| 655 | 0 |
_aFeature films. _96168471 |
|
| 655 | 0 |
_aComedy films. _96168472 |
|
| 655 | 0 |
_aVideo recordings for the hearing impaired. _96168473 |
|
| 700 | 1 |
_aRudin, Scott, _d1958- _923771 |
|
| 700 | 1 |
_aWilson, Hugh, _d1943- _926023 |
|
| 700 | 1 |
_aMidler, Bette. _918222 |
|
| 700 | 1 |
_aHawn, Goldie. _915346 |
|
| 700 | 1 |
_aKeaton, Diane. _96168474 |
|
| 700 | 1 |
_aSmith, Maggie, _d1934- _975455 |
|
| 700 | 1 |
_aHedaya, Dan. _963469 |
|
| 700 | 1 |
_aPinchot, Bronson. _965991 |
|
| 700 | 1 |
_aHarden, Marcia Gay. _962258 |
|
| 700 | 1 |
_aGoldsmith, Olivia. _tFirst Wives Club. _96168475 |
|
| 710 | 2 |
_aParamount Pictures Corporation. _97712 |
|
| 938 |
_aBaker and Taylor _bBTCP _nbe2004001106 |
||
| 942 |
_cDVD _0204 |
||
| 994 |
_aC0 _bUINTA |
||
| 998 | _aa98145 | ||
| 999 |
_c43946 _d43946 |
||